000 00392nam a2200133Ia 4500
008 100328s9999 xx 000 0 und d
082 _b4287
100 _aवरेरकर भार्गवराम विठ्ठल
245 _aविषवृक्ष
260 _bनवभारत
630 _aविषवृक्ष
730 _aविषवृक्ष
942 _cBOOK
999 _c500357
_d500354